La Chronique des Bridgertone - Statistiques

Statistiques générales
  • Ce quiz a été pris 137 fois
    119 depuis la dernière actualisation
  • Le résultat moyen est 18 sur 50
Statistiques - réponses
Hint Réponse % Correct
4 Anthony Bridgertone
93%
5 Benedict Bridgertone
88%
6 Collin Bridgertone
85%
8 Eloise Bridgertone
85%
2 Violet Bridgertone
84%
21 Peneloppe Featherington
81%
10 Gregory Bridgertone
78%
9 Francesca Bridgertone
76%
11 Hyacinthe Bridgertone
74%
3 Edmund Bridgertone
73%
13 Simon Bassett
73%
14 Kate Sharma
69%
31 Reine Charlotte
69%
29 Lady Agatha Danbury
64%
7 Daphnée Bridgertone
59%
15 Edwina Sharma
54%
46 Sophie Baek
51%
32 Roi George
47%
41 John Stirling
45%
34 Cressida Cowper
38%
22 Philippa Featherington
38%
20 Prudence Featherington
36%
37 Will Mondrich
35%
19 Portia Featherington
32%
38 Alice Mondrich
30%
28 Marina Thompson
27%
1 Lady Whistledown
24%
49 Posy Li
23%
33 Brimsley
22%
43 Geneviève Delacroix
22%
25 Mme Varley
22%
30 Lord Marcus Anderson
18%
42 Michaela Stirling
16%
12 Mrs Wilson
16%
48 Rosamund Li
14%
26 Albion Finch
11%
24 Jack Featherington
11%
23 Archibald Featherington
9%
39 Siena Rosso
9%
16 Mary Sharma
8%
35 Araminta Cowper
4%
47 Araminta Gun
4%
17 Newton
4%
44 Tilley Arnold
4%
27 Harry Dankworth
3%
36 Lord Cowper
3%
40 Alfred Debling
1%
50 Hazel
1%
45 Paul Suarez
1%
18 Prince Frédéric de Prusse
1%
Aucun quiz correspondant
Distribution des résultats
% des personnes avec chaque résultat
Percentile par nombre de réponses
Votre historique - résultats
Vous n’avez pas pris ce quiz depuis la dernière actualisation